<?xml version="1.0" encoding="UTF-8"?>
<record
    xmlns:xsi="http://www.w3.org/2001/XMLSchema-instance"
    xsi:schemaLocation="http://www.loc.gov/MARC21/slim http://www.loc.gov/standards/marcxml/schema/MARC21slim.xsd"
    xmlns="http://www.loc.gov/MARC21/slim">

  <leader>01282nam a2200205 a 4500</leader>
  <controlfield tag="008">180515e1995    sp ||||| |||| 00| f spa d</controlfield>
  <datafield tag="020" ind1=" " ind2=" ">
    <subfield code="a">8472239055</subfield>
  </datafield>
  <datafield tag="041" ind1=" " ind2=" ">
    <subfield code="a">spa</subfield>
  </datafield>
  <datafield tag="092" ind1=" " ind2=" ">
    <subfield code="2">1a ed.</subfield>
    <subfield code="c">808</subfield>
    <subfield code="l">79</subfield>
    <subfield code="s">SIM</subfield>
  </datafield>
  <datafield tag="100" ind1="1" ind2=" ">
    <subfield code="a">Simenon, Georges.</subfield>
    <subfield code="9">3911</subfield>
  </datafield>
  <datafield tag="245" ind1=" " ind2=" ">
    <subfield code="a">Maigret.</subfield>
    <subfield code="b">Liberty Bar /</subfield>
    <subfield code="c">Georges Simenon</subfield>
  </datafield>
  <datafield tag="250" ind1=" " ind2=" ">
    <subfield code="a">1a ed.</subfield>
    <subfield code="b">Traducci&#xF3;n de Carlos Pujol</subfield>
  </datafield>
  <datafield tag="260" ind1=" " ind2=" ">
    <subfield code="a">Barcelona:</subfield>
    <subfield code="b">Planeta;</subfield>
    <subfield code="c">1995.</subfield>
  </datafield>
  <datafield tag="300" ind1=" " ind2=" ">
    <subfield code="a">174 p.</subfield>
  </datafield>
  <datafield tag="500" ind1=" " ind2=" ">
    <subfield code="a">Simenon, G. (1995). Maigret. Liberty Bar. (1a ed.). Barcelona : Planeta.</subfield>
  </datafield>
  <datafield tag="505" ind1=" " ind2=" ">
    <subfield code="a">El aspecto general, la expresi&#xF3;n del rostro, esa mirada demasiado serena, ese rictus a la vez bondadoso e ir&#xF3;nico de los labios... Al mirar una fotograf&#xED;a de la victima, el comisario Maigret tiene la sensaci&#xF3;n de haber conocido a William Brown, ese australiano anta&#xF1;o riqu&#xED;simo que un buen d&#xED;a, harto de Australia y de las ovejas, de su familia y del dinero, decidi&#xF3; perderse en la indolente pereza que flota en el Liberty, un bar situado a la sombra de los lujosos hoteles de Cannes. El comisario investiga el caso muy intrigado, a veces enfadado: ese hombre que ha muerto de una cuchillada en la espalda &#xA1;tiene adem&#xE1;s la osad&#xED;a de parec&#xE9;rsele!</subfield>
  </datafield>
  <datafield tag="590" ind1=" " ind2=" ">
    <subfield code="a">DONACION DR. Andres Gallardo Mayo 2018</subfield>
  </datafield>
  <datafield tag="655" ind1=" " ind2=" ">
    <subfield code="a">Literatura</subfield>
    <subfield code="9">2917</subfield>
  </datafield>
  <datafield tag="942" ind1=" " ind2=" ">
    <subfield code="2">ddc</subfield>
    <subfield code="c">LIT</subfield>
  </datafield>
  <datafield tag="999" ind1=" " ind2=" ">
    <subfield code="c">2741</subfield>
    <subfield code="d">2741</subfield>
  </datafield>
  <datafield tag="952" ind1=" " ind2=" ">
    <subfield code="0">0</subfield>
    <subfield code="1">0</subfield>
    <subfield code="2">ddc</subfield>
    <subfield code="4">0</subfield>
    <subfield code="7">0</subfield>
    <subfield code="a">BFM</subfield>
    <subfield code="b">BFM</subfield>
    <subfield code="c">CR</subfield>
    <subfield code="d">2018-05-15</subfield>
    <subfield code="e">Donacion</subfield>
    <subfield code="l">0</subfield>
    <subfield code="o">808 79 SIM</subfield>
    <subfield code="p">4240</subfield>
    <subfield code="r">2018-05-15</subfield>
    <subfield code="t">Ej. 1</subfield>
    <subfield code="w">2018-05-15</subfield>
    <subfield code="y">LIT</subfield>
    <subfield code="z">DONACION DR. Andres Gallardo Mayo 2018</subfield>
  </datafield>
</record>
